Választhatsz szabadon
Elmentve itt :
| Szerző: | |
|---|---|
| További közreműködők: | |
| Adatforrás: | Philobibl |
| Dokumentumtípus: | Könyv |
| Nyelv: | magyar |
| Kulcsszavak: | gazdaságpolitika gazdaságelmélet gazdasági liberalizmus politikaelmélet |
| Megjelent: |
Budapest Bradenton, [Fla.]
Akad. K. MET
1998
|
| LEADER | 00558cam a2200181 c 4500 | ||
|---|---|---|---|
| 001 | bibPHI0041515 | ||
| 005 | 20200924124544.1 | ||
| 008 | 980928s1998 hu ocd b 000 0dhun d | ||
| 100 | 1 | |a Friedman, Milton | |
| 245 | 1 | 0 | |a Választhatsz szabadon |c Milton és Rose Friedman ; [ford. Galambos János] |
| 260 | |a Budapest |b Akad. K. |a Bradenton, [Fla.] |b MET |c 1998 | ||
| 300 | |a XIV, 347 p. | ||
| 695 | |a gazdaságpolitika | ||
| 695 | |a gazdaságelmélet | ||
| 695 | |a gazdasági liberalizmus | ||
| 695 | |a politikaelmélet | ||
| 700 | 1 | |a Friedman, Rose D. | |
| 700 | 1 | |a Galambos János | |